000 00325pab a2200121 454500
008 180718b xxu||||| |||| 00| 0 eng d
100 _aRao Ramachandra B.
245 _aPrivate power projects: need to reduce insurance costs
362 _a1 Jun 1994, p.6
650 _aElectricity
773 _aFinancial Express
909 _a26712
999 _c26712
_d26712